00000000nam 2200000zi 4500
0019.947083
003CaOODSP
00520250127112214
006m     o  d f      
007cr bn|||||||||
008250117t20252025onc     oz   f000 0 eng d
020 |a9780660753126
040 |aCaOODSP|beng|erda|cCaOODSP
0410 |aeng|afre
043 |an-cn---|an-us---
0861 |aFR4-2024/22-PDF
1300 |aAgreement for Cooperation Concerning Civil Uses of Atomic Energy between the Government of the United States of America and the Government of Canada |d(1955 June 15). |kProtocols, etc. |d(2023 June 26)
24510|aUnited States of America / Nuclear - Exchange of Letters constituting an agreement with regard to Article XII(D) of the Agreement for Co-operation Concerning Civil Uses of Atomic Energy between the Government of Canada and the Government of the United States of America, done at Washington on 15 June 1955, as amended = |bÉtats-Unis d'Amérique / Énergie nucléaire - Échange de lettres constituant un accord relatif à l'article XII (d) de l'Accord de coopération concernant les emplois civils de l'énergie atomique entre le Gouvernement du Canada et le Gouvernement des États-Unis d'Amérique, fait à Washington le 15 juin 1955, tel que modifié.
24611|aÉtats-Unis d'Amérique / Énergie nucléaire - Échange de lettres constituant un accord relatif à l'article XII (d) de l'Accord de coopération concernant les emplois civils de l'énergie atomique entre le Gouvernement du Canada et le Gouvernement des États-Unis d'Amérique, fait à Washington le 15 juin 1955, tel que modifié
264 1|a[Ottawa] : |bTreaty Law Division of the Department of Foreign Affairs, Trade and Development = Direction du droit des traités du Ministère des affaires étrangères, du commerce et du développement, |c[2025]
264 4|c©2025
300 |a1 online resource (4, 4 pages).
336 |atext|btxt|2rdacontent
337 |acomputer|bc|2rdamedia
338 |aonline resource|bcr|2rdacarrier
4901 |aTreaty series = |aRecueil des traités ; |v2024/22
500 |a"Done at Washington on 26 June 2023 and at Ottawa on 7 July 2023. In Force on 31 October 2024."
500 |aAlternate pages have duplicate numbering.
546 |aText in English and French.
650 0|aNuclear energy|xLaw and legislation|zCanada.
650 0|aNuclear energy|xLaw and legislation|zUnited States.
651 0|aCanada|xForeign relations|vTreaties.
651 0|aUnited States|xForeign relations|vTreaties.
655 7|aTreaties|2lcgft
7101 |aCanada. |bGlobal Affairs Canada. |bTreaty Law Division, |eissuing body.
7101 |aCanada, |eparticipant in treaty.
7101 |aUnited States, |eparticipant in treaty.
788 |tUnited States of America / Nuclear - Exchange of Letters constituting an agreement with regard to Article XII(D) of the Agreement for Co-operation Concerning Civil Uses of Atomic Energy between the Government of Canada and the Government of the United States of America, done at Washington on 15 June 1955, as amended = |efre|w(CaOODSP)9.947087
830#0|aCanada treaty series ;|v2024/22.|w(CaOODSP)9.811730
85640|qPDF|s436 KB|uhttps://publications.gc.ca/collections/collection_2025/amc-gac/FR4-2024-22.pdf